| 000 | 00552nam a22001697a 4500 | ||
|---|---|---|---|
| 005 | 20251108163339.0 | ||
| 008 | 250721s1991 xx 000 0 ara d | ||
| 082 | 1 | 4 | _a210.4301412/محم |
| 100 | 1 | _aمحمود، علي عبد الحليم | |
| 245 | 1 | 0 | _aالمرأة المسلمة و فقه الدعوة إلى الله / |
| 250 | _aط2. | ||
| 264 | 1 |
_aالمنصوره : _bدار الوفاء للطباعة والنشر والتوزيع، _c1991. |
|
| 300 | _a422ص. | ||
| 650 | 1 | 7 | _aالمرأة المسلمة |
| 942 |
_2ddc _cBK |
||
| 999 |
_c380 _d380 |
||